| 000 | 00788nam a2200265Ia 4500 | ||
|---|---|---|---|
| 003 | OSt | ||
| 005 | 20220925204210.0 | ||
| 006 | a|||||r|||| 00| 0 | ||
| 007 | ta | ||
| 008 | 220923b |||||||| |||| 00| 0 eng d | ||
| 037 | _cGeneral Book | ||
| 040 |
_aRTL _cRTL _beng |
||
| 041 |
_2eng _aeng |
||
| 082 | _aX:9.P00<---N50, L7.1/UN | ||
| 110 | _aINTERNATIONAL LABOUR OFFICE. | ||
| 245 | 0 | _aLabour force estimates and projections, 1950-2000 | |
| 250 | _a2nd | ||
| 260 |
_aGeneva _bInternational Labour Office _c1977 |
||
| 300 |
_axxiv, 124p. _ccm. |
||
| 650 |
_a Personnel Management _929105 |
||
| 650 |
_aLabour Economics _921364 |
||
| 700 | _aINTERNATIONAL LABOUR OFFICE. | ||
| 942 |
_hX:9.P00<---N50, L7.1/UN _cGB _2CC |
||
| 999 |
_c548787 _d548787 |
||